Foreign policy of Pakistan: (Record no. 21849)

MARC details
000 -LEADER
fixed length control field 00770cam a22002411 4500
001 - CONTROL NUMBER
control field 6118408
003 - CONTROL NUMBER IDENTIFIER
control field BDDh-ASL
005 - DATE AND TIME OF LATEST TRANSACTION
control field 20231015030042.0
008 - FIXED-LENGTH DATA ELEMENTS--GENERAL INFORMATION
fixed length control field 790806s1964 pk 000 0 eng
010 ## - LIBRARY OF CONGRESS CONTROL NUMBER
LC control number sa 65004548
035 ## - SYSTEM CONTROL NUMBER
System control number (OCoLC)5242082
040 ## - CATALOGING SOURCE
Original cataloging agency DLC
Transcribing agency NOsU
Modifying agency DLC
-- BDDh-ASL
042 ## - AUTHENTICATION CODE
Authentication code premarc
050 00 - LIBRARY OF CONGRESS CALL NUMBER
Classification number DS383.5.A2
Item number B5
082 ## - DEWEY DECIMAL CLASSIFICATION NUMBER
Classification number 327.547
Item number BHF
100 1# - MAIN ENTRY--PERSONAL NAME
Personal name Bhutto, Zulfikar Ali,
Dates associated with a name 1928-1979.
245 10 - TITLE STATEMENT
Title Foreign policy of Pakistan:
Remainder of title a compendium of speeches made in the National Assembly of Pakistan 1962-64 /
260 ## - PUBLICATION, DISTRIBUTION, ETC.
Place of publication, distribution, etc. Karachi:
Name of publisher, distributor, etc. Pakistan Institute of International Affairs
Date of publication, distribution, etc. [1964]
300 ## - PHYSICAL DESCRIPTION
Extent 125 p.
Dimensions 23 cm.
651 #0 - SUBJECT ADDED ENTRY--GEOGRAPHIC NAME
Geographic name Pakistan
General subdivision Foreign relations.
906 ## - LOCAL DATA ELEMENT F, LDF (RLIN)
a 7
b cbc
c oclcrpl
d u
e ncip
f 19
g y-gencatlg
942 ## - ADDED ENTRY ELEMENTS (KOHA)
Source of classification or shelving scheme Dewey Decimal Classification
Koha item type Books
Holdings
Withdrawn status Lost status Source of classification or shelving scheme Damaged status Not for loan Collection code Home library Current library Shelving location Date acquired Source of acquisition Total Checkouts Full call number Barcode Date last seen Copy number Price effective from Koha item type
    Dewey Decimal Classification     Non-fiction Asiatic Society Library Asiatic Society Library General Stacks 02/15/2021 ASB Collection   327.547 BHF 105835 02/15/2021 C-1 02/15/2021 Books

Powered by Koha